|
|
|
|
| LEADER |
01744nam a22004573i 4500 |
| 001 |
EBC7252926 |
| 003 |
MiAaPQ |
| 005 |
20231204023229.0 |
| 006 |
m o d | |
| 007 |
cr cnu|||||||| |
| 008 |
231204s2023 xx o ||||0 eng d |
| 020 |
|
|
|a 9781000914184
|q (electronic bk.)
|
| 020 |
|
|
|z 9781032434162
|
| 035 |
|
|
|a (MiAaPQ)EBC7252926
|
| 035 |
|
|
|a (Au-PeEL)EBL7252926
|
| 035 |
|
|
|a (OCoLC)1382701837
|
| 040 |
|
|
|a MiAaPQ
|b eng
|e rda
|e pn
|c MiAaPQ
|d MiAaPQ
|
| 100 |
1 |
|
|a Wong Blonder, Benjamin.
|
| 245 |
1 |
0 |
|a Place-Based Scientific Inquiry :
|b A Practical Handbook for Teaching Outside.
|
| 250 |
|
|
|a 1st ed.
|
| 264 |
|
1 |
|a Milton :
|b Taylor & Francis Group,
|c 2023.
|
| 264 |
|
4 |
|c Ã2023.
|
| 300 |
|
|
|a 1 online resource (293 pages)
|
| 336 |
|
|
|a text
|b txt
|2 rdacontent
|
| 337 |
|
|
|a computer
|b c
|2 rdamedia
|
| 338 |
|
|
|a online resource
|b cr
|2 rdacarrier
|
| 588 |
|
|
|a Description based on publisher supplied metadata and other sources.
|
| 590 |
|
|
|a Electronic reproduction. Ann Arbor, Michigan : ProQuest Ebook Central, 2023. Available via World Wide Web. Access may be limited to ProQuest Ebook Central affiliated libraries.
|
| 655 |
|
4 |
|a Electronic books.
|
| 700 |
1 |
|
|a Banks, Ja'nya.
|
| 700 |
1 |
|
|a Cruz, Austin.
|
| 700 |
1 |
|
|a Dornhaus, Anna.
|
| 700 |
1 |
|
|a Godfrey, R. Keating.
|
| 700 |
1 |
|
|a Hoskinson, Joshua S.
|
| 700 |
1 |
|
|a Lipson, Rebecca.
|
| 700 |
1 |
|
|a Sommers, Pacifica.
|
| 700 |
1 |
|
|a Stewart, Christy.
|
| 700 |
1 |
|
|a Strauss, Alan.
|
| 776 |
0 |
8 |
|i Print version:
|a Wong Blonder, Benjamin
|t Place-Based Scientific Inquiry
|d Milton : Taylor & Francis Group,c2023
|z 9781032434162
|
| 797 |
2 |
|
|a ProQuest (Firm)
|
| 856 |
4 |
0 |
|u https://ebookcentral.proquest.com/lib/matrademy/detail.action?docID=7252926
|z Click to View
|